| 000 | 01191nam a2200217 a 4500 | ||
|---|---|---|---|
| 001 | 000046631 | ||
| 005 | 20201002053020.0 | ||
| 008 | 180314s2017 dr a 000 0 spa d | ||
| 020 | _a9789945606102 | ||
| 040 |
_aDO-SdBNP _bspa _cBNPHU |
||
| 082 |
_axxxx _bR426r |
||
| 110 | 1 |
_aRepública Dominicana. _9447 |
|
| 240 | 1 | 3 | _a[Leyes, etc.] |
| 245 | 1 | 0 |
_aResoluciones de la jurisdicción inmobiliaria / _ccompilación Sergio A. Ortiz V. |
| 260 |
_aSanto Domingo : _bEditora Dalis, _c2017. |
||
| 300 |
_a56 p. : _bil. ; _c22 cm. |
||
| 500 | _aIncluye referencias bibliográficas y notas al pie de las páginas. | ||
| 505 | 0 |
_aResolución No. 3642-2016: Reglamento de Desjudicialización de Deslinde y Procedimientos Diversos. _tResolución No. 3643-2016: Reglamento para la Solicitud de Autorización de Mensura para Saneamiento. _tResolución No. 3644-2016: Reglamento para el uso de Coordenadas de la Red de Estaciones Permanentes y Levantamientos Parcelarios. _tResolución No. 3645-2016: Reglamento Sobre Soluciones de Mensuras Superpuestas. _tProcedentes constitucionales sobre registro de títulos. |
|
| 590 | _aInventariado, 2018 /LP | ||
| 700 | 1 |
_aOrtiz V., Sergio A., _ecompilación _973038 |
|
| 999 |
_c46120 _d46120 |
||